000 01062nam a2200229 a 4500
001 000041166
005 20201002034655.0
008 130920s1999 sp 000 0 spa d
020 _a8400078527
040 _aDO-SdBNP
_bspa
_cBNPHU
100 1 _aGonzález Ripoll Navarro, María Dolores
_967722
245 1 0 _aCuba, la isla de los ensayos cultura y sociedad :
_b1790-1815 /
_cMa Dolores González-Ripoll Navarro ; prólogo Miguel Ángel Puig-Samper Mulero.
260 _aMadrid :
_bConsejo Superior de Investigaciones Científicas :,
_c1999.
300 _a259 p. : [16] p. :
_bil. ;
_c24 cm.
490 1 _aTierra nueva e cielo nuevo
_v38
504 _aBibliografía p. 238 -259
504 _aIncluye referencias bibliográficas y notas al pie de las páginas
700 1 _aPuig-Samper Mulero, Miguel Ángel
_epról.
_967723
710 2 _aConsejo Superior de Investigaciones Científicas (España)
_915178
710 2 _aCentro de Humanidades. Instituto de Historia. Departamento de Historia de América
_967724
830 0 _aTierra nueva e cielo nuevo
_n38
_967725
999 _c40656
_d40656